000 00735nam a22002411 4500
008
090 0 0 _aNA4815
100 1 _aMaguire, Robert Alfred.
245 1 0 _aModern churches of the world /
_cRobert Maguire and Keith Murray.
260 _aLondon :
_bStudio Vista,
_c1965.
300 _a160 p. :
_bill., plans ;
_c19 cm.
490 0 _aDutton Vista pictureback ;
_v10.
504 _aIncludes bibliographical references.
650 0 _aChurch architecture.
650 0 _aChurch buildings.
700 1 _aMurray, Keith,
_ejoint author.
907 _a.b1018904x
_b24-01-07
_c01-02-06
003
005 20230120131027.0
040 _cNUST
049 _aMAIN
942 _cBOOKS
_kNA4815
999 _c95542
_d95542